Personnages Star Wars - Le Livre de Boba Fett - Serie S1 - Statistiques

Statistiques générales
  • Ce quiz a été pris 79 fois
  • Le résultat moyen est 9 sur 16
Statistiques - réponses
Par images Réponse % Correct
Boba Fett
98%
Luke Skywalker
94%
Ahsoka Tano
91%
Cad Bane
83%
Din Djarin
79%
Bib Fortuna
74%
Fennec Shand
72%
Krrsantan le Noir
47%
Cobb Vanth
40%
Peli Motto
32%
Pyke
32%
Mok Shaiz
30%
Majordome / Majordomo
28%
Garsa Fwip
26%
8D8
23%
Drash
23%
Aucun quiz correspondant
Distribution des résultats
% des personnes avec chaque résultat
Percentile par nombre de réponses
Votre historique - résultats
Vous n’avez pas pris ce quiz